| 000 | 00815nam a2200253 a 4500 | ||
|---|---|---|---|
| 001 | 000021754 | ||
| 005 | 20200930011433.0 | ||
| 008 | 100910s1978 mx r 000 0 spa d | ||
| 020 | _a9681601505 | ||
| 040 |
_aDO-SdBNP _bspa _cBNPHU |
||
| 082 |
_a881.2 _bF513m, 1978 |
||
| 100 | 1 |
_aFinley, M. I. _945205 |
|
| 240 | 1 | 0 |
_aThe world of odysseus _lespañol |
| 245 | 1 | 3 |
_aEl mundo de odiseo / _cM. I. Finley; traducción de Mateo Hernández Barroso. |
| 250 | _a2a ed. | ||
| 260 |
_aMéxoco D. F. : _bFondo de Cultura Económica, _c1978. |
||
| 490 | 1 |
_aBrevarios _v158 |
|
| 534 |
_aTítulo original : _tThe world of odysseus |
||
| 650 | 4 |
_aPoesía épica griega _927065 |
|
| 650 | 4 |
_aLiteratura griega _92386 |
|
| 700 | 1 |
_aHernández Barroso, Mateo _etr. _945206 |
|
| 830 | 0 |
_aBrevarios _v158 _914231 |
|
| 049 | _aBNGR | ||
| 999 |
_c21253 _d21253 |
||